| 000 | 00403nam a2200145 a 4500 | ||
|---|---|---|---|
| 001 | 000031794 | ||
| 005 | 20200930063203.0 | ||
| 008 | 110706s200u dr 000 0 spa d | ||
| 040 |
_aDO-SdBNP _bspa _cBNPHU |
||
| 082 |
_axxx _bD353 |
||
| 245 | 0 | 0 |
_aDeliciel : _bun savoir-faire de tradición. |
| 260 |
_aSanto Domingo : _bFromages de France, _c[200u]? |
||
| 300 |
_a12 p. : _bil. ; _c22 cm. |
||
| 049 | _aBNPD | ||
| 999 |
_c31286 _d31286 |
||